000 00249nam a2200109Ia 4500
008 200302s9999 xx 000 0 und d
100 _aK. M. Varma
245 _aStucco in India
260 _bProddu Santiniketan
260 _c1983
300 _a116 P.,
999 _c2470
_d2470